[Event "ARG-ch sf 94th"]
[Site "Buenos Aires"]
[Date "2019.04.03"]
[Round "5"]
[White "Bernard, Ignacio"]
[Black "Claverie, Raul Ricardo"]
[Result "0-1"]
[WhiteElo "2167"]
[BlackElo "2519"]
[PlyCount "60"]
[EventDate "2019.03.30"]
[EventType "swiss"]
[EventRounds "9"]
[EventCountry "ARG"]
[SourceTitle "CBM 189 Extra"]
[Source "ChessBase"]
[SourceDate "2019.06.03"]
[SourceVersion "1"]
[SourceVersionDate "2019.06.03"]
[SourceQuality "1"]

1. e4 e6 2. Qe2 c5 3. f4 Nc6 4. Nf3 Nge7 5. c3 d5 6. d3 b6 7. Na3 Ba6 8. e5 Nf5 9. Nc2 d4 10. c4 b5 11. b3 Bb7 12. Qf2 Be7 13. Be2 a6 14. 0-0 0-0 15. Re1 f6 16. g4 Ne3 17. Nxe3 dxe3 18. Qxe3 Nb4 19. Bb2 Nc2 20. Qf2 fxe5 21. Bxe5 Nxa1 22. Rxa1 Bd6 23. Rf1 Bxf3 24. Bxf3 Bxe5 25. fxe5 Qxd3 26. Bxa8 Rxf2 27. Rxf2 Qd1+ 28. Rf1 Qxg4+ 29. Kh1 Qe2 30. Bg2 bxc4 0-1

[Event "ARG-ch sf 94th"]
[Site "Buenos Aires"]
[Date "2019.04.01"]
[Round "3"]
[White "Jorge, Hector"]
[Black "Bernard, Ignacio"]
[Result "0-1"]
[WhiteElo "2007"]
[BlackElo "2167"]
[PlyCount "82"]
[EventDate "2019.03.30"]
[EventType "swiss"]
[EventRounds "9"]
[EventCountry "ARG"]
[SourceTitle "CBM 189 Extra"]
[Source "ChessBase"]
[SourceDate "2019.06.03"]
[SourceVersion "1"]
[SourceVersionDate "2019.06.03"]
[SourceQuality "1"]

1. e4 Nf6 2. Nc3 d5 3. exd5 Nxd5 4. Nf3 Bg4 5. Bc4 e6 6. d4 Be7 7. Nxd5 exd5 8. Be2 0-0 9. 0-0 Nd7 10. Be3 c6 11. c3 Qc7 12. Re1 Bd6 13. h3 Bh5 14. Ng5 Bg6 15. Bd3 Rae8 16. Qc2 Bxd3 17. Qxd3 Nf6 18. Qf5 h6 19. Nf3 Re6 20. Qd3 Rfe8 21. Re2 Qe7 22. Rae1 Ne4 23. Bc1 Qf6 24. Ne5 Bxe5 25. dxe5 Qxe5 26. f3 Nc5 27. Rxe5 Nxd3 28. Rxe6 Rxe6 29. Rxe6 fxe6 30. Be3 Nxb2 31. Bxa7 Kf7 32. Kf1 e5 33. Ke2 Ke6 34. Kd2 b6 35. Bb8 Nc4+ 36. Kd3 g5 37. g3 c5 38. Ke2 h5 39. Ba7 Kd7 40. f4 gxf4 41. gxf4 Kc7 0-1

[Event "Buenos Aires Szmetan Giardelli op"]
[Site "Buenos Aires"]
[Date "2018.12.12"]
[Round "9"]
[White "Schnaider, Ilan"]
[Black "Bernard, Ignacio"]
[Result "0-1"]
[WhiteElo "1665"]
[BlackElo "2191"]
[PlyCount "58"]
[EventDate "2018.12.04"]
[EventType "swiss"]
[EventRounds "9"]
[EventCountry "ARG"]
[SourceTitle "CBM 187 Extra"]
[Source "ChessBase"]
[SourceDate "2018.11.04"]
[SourceVersion "1"]
[SourceVersionDate "2018.11.04"]
[SourceQuality "1"]

1. e4 Nf6 2. e5 Nd5 3. d4 d6 4. c4 Nb6 5. f4 dxe5 6. fxe5 c5 7. d5 e6 8. Nf3 exd5 9. cxd5 c4 10. d6 Nc6 11. Nc3 Bg4 12. Bf4 g5 13. Ne4 gxf4 14. Nf6+ Qxf6 15. exf6 0-0-0 16. Be2 Bxd6 17. a3 Rhe8 18. 0-0 Bc5+ 19. Kh1 Rxd1 20. Bxd1 Nd5 21. Ng5 Nxf6 22. Nxh7 Bxd1 23. Nxf6 Re6 24. Raxd1 Rxf6 25. Rc1 b5 26. a4 Be3 27. Rce1 c3 28. g3 c2 29. gxf4 Rxf4 0-1

[Event "Buenos Aires Szmetan Giardelli op"]
[Site "Buenos Aires"]
[Date "2018.12.07"]
[Round "4"]
[White "Romero Barreto, Jaime Jose"]
[Black "Bernard, Ignacio"]
[Result "1-0"]
[WhiteElo "2300"]
[BlackElo "2191"]
[PlyCount "47"]
[EventDate "2018.12.04"]
[EventType "swiss"]
[EventRounds "9"]
[EventCountry "ARG"]
[SourceTitle "CBM 187 Extra"]
[Source "ChessBase"]
[SourceDate "2018.11.04"]
[SourceVersion "1"]
[SourceVersionDate "2018.11.04"]
[SourceQuality "1"]

1. e4 Nf6 2. e5 Nd5 3. Nc3 Nxc3 4. bxc3 d5 5. d4 c5 6. f4 Nc6 7. dxc5 Qa5 8. Qd3 Bf5 9. Qd2 e6 10. Rb1 0-0-0 11. Nf3 Qxa2 12. Rb2 Qa4 13. Nd4 a6 14. Nxf5 exf5 15. Bd3 Bxc5 16. Bxf5+ Kb8 17. Bd3 Rhe8 18. Kd1 Qa1 19. Re1 Na5 20. Bxa6 Ba3 21. Rb5 d4 22. Ke2 Bxc1 23. Rxc1 dxc3 24. Qxd8+ 1-0

[Event "ARG-chT"]
[Site "Villa Martelli"]
[Date "2018.07.21"]
[Round "3.2"]
[White "Bulcourf, Carlos"]
[Black "Bernard, Ignacio"]
[Result "0-1"]
[WhiteElo "1987"]
[BlackElo "2210"]
[PlyCount "74"]
[EventDate "2018.07.07"]
[EventType "team-swiss"]
[EventRounds "9"]
[EventCountry "ARG"]
[SourceTitle "CBM 187 Extra"]
[Source "ChessBase"]
[SourceDate "2018.11.04"]
[SourceVersion "1"]
[SourceVersionDate "2018.11.04"]
[SourceQuality "1"]
[WhiteTeam "San Isidro"]
[BlackTeam "Tres de Febrero Ajedrez"]
[WhiteTeamCountry "ARG"]
[BlackTeamCountry "ARG"]

1. Nf3 c5 2. c3 d5 3. b4 e6 4. Ba3 cxb4 5. Bxb4 Ne7 6. e3 Nbc6 7. Bb5 Bd7 8. Bd6 a6 9. Bd3 Ng6 10. Bxf8 Nxf8 11. 0-0 e5 12. Be2 Ne6 13. d4 e4 14. Nfd2 b5 15. a4 Na5 16. axb5 axb5 17. f3 exf3 18. Bxf3 Bc6 19. Na3 0-0 20. Nc2 Qg5 21. Qe2 Nc4 22. Nxc4 bxc4 23. Nb4 Bb7 24. Qf2 Nc7 25. h4 Qd8 26. Rxa8 Qxa8 27. Rb1 Re8 28. h5 h6 29. Qg3 Qd8 30. Nc2 Bc6 31. Rb6 Ba4 32. Nb4 Rxe3 33. Nxd5 Rxf3 34. Qxc7 Qxc7 35. Nxc7 Rxc3 36. Rb8+ Kh7 37. Nb5 Rd3 0-1

[Event "ARG-chT"]
[Site "Villa Martelli"]
[Date "2018.07.14"]
[Round "2.1"]
[White "Bernard, Ignacio"]
[Black "Converset, Juan Jose"]
[Result "1-0"]
[WhiteElo "2210"]
[BlackElo "2237"]
[PlyCount "123"]
[EventDate "2018.07.07"]
[EventType "team-swiss"]
[EventRounds "9"]
[EventCountry "ARG"]
[SourceTitle "CBM 187 Extra"]
[Source "ChessBase"]
[SourceDate "2018.11.04"]
[SourceVersion "1"]
[SourceVersionDate "2018.11.04"]
[SourceQuality "1"]
[WhiteTeam "Tres de Febrero Ajedrez"]
[BlackTeam "Ajedrez Plus"]
[WhiteTeamCountry "ARG"]
[BlackTeamCountry "ARG"]

1. e4 e6 2. Qe2 c5 3. f4 Nc6 4. Nf3 g6 5. g3 Bg7 6. Bg2 Nge7 7. c3 d5 8. d3 b6 9. 0-0 0-0 10. Na3 Ba6 11. e5 Qd7 12. Re1 b5 13. Nc2 b4 14. c4 Nf5 15. g4 Nfd4 16. Nfxd4 Nxd4 17. Nxd4 cxd4 18. cxd5 exd5 19. Qf3 Rfe8 20. Bd2 Rab8 21. Rac1 b3 22. a3 Rbc8 23. Rxc8 Bxc8 24. h3 Qb5 25. Rc1 Bb7 26. Bb4 Qd7 27. Qf2 g5 28. Bd6 Rc8 29. Rxc8+ Qxc8 30. Qxd4 Qc1+ 31. Kh2 Qxf4+ 32. Qxf4 gxf4 33. g5 h6 34. h4 hxg5 35. hxg5 Kh7 36. Kh3 Bc8+ 37. Kh4 Be6 38. Kh5 Kg8 39. Bf3 d4 40. Be4 Bf8 41. Bxf8 Kxf8 42. g6 fxg6+ 43. Kxg6 Ke7 44. Kg5 a5 45. Kxf4 Bg8 46. Bf5 Bd5 47. e6 Kd6 48. e7 Kxe7 49. Ke5 Bf7 50. Be4 Kd7 51. Bd5 Bg6 52. Kxd4 Kd6 53. Bxb3 Be8 54. Bc4 Bd7 55. Kc3 Kc5 56. d4+ Kd6 57. b4 axb4+ 58. Kxb4 Bc6 59. a4 Bb7 60. a5 Bc6 61. d5 Bb7 62. Kb5 1-0

[Event "Najdorf Memorial op"]
[Site "Buenos Aires"]
[Date "2002.09.29"]
[Round "8.27"]
[White "Moran, Guillermo"]
[Black "Bernard, Ignacio"]
[Result "0-1"]
[WhiteElo "2133"]
[BlackElo "2257"]
[PlyCount "104"]
[EventDate "2002.09.23"]
[EventType "swiss"]
[EventRounds "8"]
[EventCountry "ARG"]
[SourceTitle "CBM 090 Extra"]
[Source "ChessBase"]
[SourceDate "2002.11.07"]
[SourceVersion "1"]
[SourceVersionDate "2002.11.07"]
[SourceQuality "1"]

1. e4 Nf6 2. e5 Nd5 3. c4 Nb6 4. d4 d6 5. Nf3 g6 6. exd6 cxd6 7. Nc3 Bg7 8. Be3 0-0 9. Be2 Nc6 10. 0-0 Bg4 11. b3 d5 12. c5 Nc8 13. h3 Bxf3 14. Bxf3 e6 15. Rb1 N8e7 16. b4 Nf5 17. Ne2 Qf6 18. Qd2 Nfxd4 19. Nxd4 Nxd4 20. Bd1 Rfc8 21. Re1 Nf5 22. Bf4 Qc3 23. Qe2 Nd4 24. Qd2 Qxd2 25. Bxd2 b6 26. Rc1 bxc5 27. bxc5 Bf8 28. Be3 Rxc5 29. Rb1 Rb5 30. Rc1 Nf5 31. Bf4 Bd6 32. Bg5 Rc5 33. Rb1 Rb8 34. Bb3 Kg7 35. g4 Nd4 36. Be3 Nf3+ 37. Kf1 Nxe1 38. Bxc5 Bxc5 39. Kxe1 Rc8 40. Ke2 Bb6 41. Rb2 Rc3 42. Rc2 Rxh3 43. Kf1 h5 44. gxh5 Rxh5 45. Re2 Kf6 46. Kg2 Ke7 47. Rc2 Rh8 48. Re2 Kd6 49. Rc2 f5 50. f4 g5 51. fxg5 Rg8 52. Kf3 Rxg5 0-1

[Event "Najdorf Memorial op"]
[Site "Buenos Aires"]
[Date "2002.09.28"]
[Round "7.37"]
[White "Bernard, Ignacio"]
[Black "Lanza, Diego"]
[Result "1-0"]
[WhiteElo "2257"]
[BlackElo "2094"]
[PlyCount "70"]
[EventDate "2002.09.23"]
[EventType "swiss"]
[EventRounds "8"]
[EventCountry "ARG"]
[SourceTitle "CBM 090 Extra"]
[Source "ChessBase"]
[SourceDate "2002.11.07"]
[SourceVersion "1"]
[SourceVersionDate "2002.11.07"]
[SourceQuality "1"]

1. e4 c6 2. d4 d5 3. Nc3 dxe4 4. Nxe4 Bf5 5. Ng3 Bg6 6. Nf3 Nd7 7. h4 h6 8. Bd3 Bxd3 9. Qxd3 Ngf6 10. Bd2 Qc7 11. c4 0-0-0 12. Ne4 e6 13. 0-0-0 Nc5 14. Nxc5 Bxc5 15. Be3 Kb8 16. Qe2 Be7 17. Rhe1 Ka8 18. Kb1 Rhf8 19. g3 b5 20. cxb5 cxb5 21. Qxb5 Rb8 22. Qd3 Nd5 23. Rc1 Qb6 24. Rc2 a5 25. Ne5 a4 26. Nd7 Qb7 27. Nxf8 Bxf8 28. Ka1 g5 29. hxg5 hxg5 30. Qc4 Nb6 31. Qb5 Rc8 32. Qa5+ Kb8 33. Qe5+ Ka8 34. Qxg5 Nd5 35. Bd2 Qb5 1-0

[Event "Najdorf Festival op"]
[Site "Buenos Aires"]
[Date "1998.10.25"]
[Round "2"]
[White "Bernard, Ignacio"]
[Black "Sorin, Ariel"]
[Result "1/2-1/2"]
[WhiteElo "2255"]
[BlackElo "2470"]
[PlyCount "44"]
[EventDate "1998.10.??"]
[EventType "swiss"]
[EventRounds "9"]
[EventCountry "ARG"]
[SourceTitle "CBM 067 Extra"]
[Source "ChessBase"]
[SourceDate "1999.01.01"]
[SourceVersion "1"]
[SourceVersionDate "1999.01.01"]
[SourceQuality "1"]

1. d4 Nf6 2. Nf3 g6 3. c4 Bg7 4. Nc3 d6 5. g3 0-0 6. Bg2 c5 7. 0-0 Nc6 8. dxc5 dxc5 9. Bf4 Bd7 10. Ne5 Nxe5 11. Bxe5 Qc8 12. Nd5 Nxd5 13. Bxg7 Kxg7 14. Qxd5 Bc6 15. Qe5+ Kg8 16. Rfd1 Bxg2 17. Kxg2 b6 18. Rd2 Qb7+ 19. Kg1 Rad8 20. Rad1 Rxd2 21. Rxd2 Rc8 22. h4 Qc7 1/2-1/2

[Event "Intercoop tt 14th"]
[Site "Buenos Aires"]
[Date "1998.09.05"]
[Round "3"]
[White "Conlazo, Eusebio"]
[Black "Bernard, Ignacio"]
[Result "0-1"]
[WhiteElo "2050"]
[BlackElo "2255"]
[PlyCount "70"]
[EventDate "1998.10.??"]
[EventType "team"]
[EventRounds "7"]
[EventCountry "ARG"]
[SourceTitle "EXT 2000"]
[Source "ChessBase"]
[SourceDate "1999.11.16"]
[SourceVersion "1"]
[SourceVersionDate "1999.11.16"]
[SourceQuality "1"]

1. Nf3 Nf6 2. d4 g6 3. c4 c5 4. d5 b5 5. cxb5 a6 6. b6 d6 7. Nc3 Bg7 8. e4 Nbd7 9. a4 Qxb6 10. a5 Qb4 11. Ra4 Qb7 12. Bc4 Ng4 13. 0-0 Nge5 14. Nxe5 Nxe5 15. Be2 Bd7 16. Ra3 Bb5 17. Qb3 0-0 18. Bxb5 axb5 19. Qxb5 Qxb5 20. Nxb5 Rfb8 21. Nc3 Nc4 22. Ra2 Rxa5 23. Rxa5 Nxa5 24. Re1 Nc4 25. Nd1 Nxb2 26. Nxb2 Bxb2 27. Bg5 f6 28. Be3 c4 29. Rb1 c3 30. Bc1 Kf7 31. Kf1 f5 32. exf5 gxf5 33. Ke2 Rb5 34. Kf3 Rxd5 35. Bxb2 Rb5 0-1

[Event "Pan American-ch U18"]
[Site "Isla Margarita"]
[Date "1998.??.??"]
[Round "?"]
[White "Mela, Benjamin"]
[Black "Bernard, Ignacio"]
[Result "0-1"]
[WhiteElo "2155"]
[BlackElo "2255"]
[PlyCount "76"]
[EventDate "1998.08.05"]
[EventType "swiss"]
[EventRounds "11"]
[EventCountry "VEN"]
[SourceTitle "EXT 2000"]
[Source "ChessBase"]
[SourceDate "1999.11.16"]
[SourceVersion "1"]
[SourceVersionDate "1999.11.16"]
[SourceQuality "1"]

1. e4 Nf6 2. e5 Nd5 3. Nc3 Nxc3 4. bxc3 d5 5. d4 c5 6. Nf3 Bg4 7. Be2 e6 8. 0-0 Nc6 9. Rb1 Qc7 10. Be3 c4 11. h3 Bh5 12. Nh2 Bxe2 13. Qxe2 h5 14. Bg5 Be7 15. Bxe7 Nxe7 16. Qd2 0-0-0 17. a4 Kb8 18. Rb4 Nc6 19. Rb5 a6 20. Rb2 Ka8 21. Rfb1 Rd7 22. Qg5 g6 23. Nf3 Qa5 24. Qd2 Qxa4 25. Qe1 Qa5 26. Ra1 Qc7 27. Qb1 Rb8 28. Qa2 a5 29. Qa4 b6 30. Nd2 Na7 31. Nb1 Qc6 32. Qa2 Rdb7 33. Nd2 Qc7 34. f4 Nc6 35. Rb5 Ra7 36. Qa3 Ra6 37. Nf3 Na7 38. Rbb1 b5 0-1

[Event "Pan American-ch U26"]
[Site "Buenos Aires"]
[Date "1997.??.??"]
[Round "9"]
[White "Gutierrez, Renzo"]
[Black "Bernard, Ignacio"]
[Result "0-1"]
[WhiteElo "2085"]
[BlackElo "2245"]
[PlyCount "68"]
[EventDate "1997.??.??"]
[EventType "swiss"]
[EventRounds "11"]
[EventCountry "ARG"]
[SourceTitle "EXT 2001"]
[Source "ChessBase"]
[SourceDate "2000.11.22"]
[SourceVersion "1"]
[SourceVersionDate "2000.11.22"]
[SourceQuality "1"]

1. e4 Nf6 2. Nc3 d5 3. e5 Ne4 4. f4 Nxc3 5. dxc3 c5 6. g3 e6 7. Bg2 Be7 8. Nf3 Nc6 9. 0-0 Qc7 10. Nd2 0-0 11. b3 f6 12. exf6 Bxf6 13. Bb2 Bd7 14. Rb1 Rae8 15. c4 Bxb2 16. Rxb2 d4 17. Ne4 b6 18. c3 e5 19. fxe5 Rxf1+ 20. Kxf1 Qxe5 21. cxd4 Nxd4 22. Rf2 Bc6 23. Nc3 Nf5 24. Bd5+ Kh8 25. Qf3 Qe1+ 26. Kg2 Ne3+ 27. Kh3 Bd7+ 28. Kh4 Nf5+ 29. Kh5 g6+ 30. Kg5 Qc1+ 31. Kf6 Re3 32. Ne4 Rxf3 33. Rxf3 Qb2+ 34. Kg5 Qe5 0-1

[Event "Pan American-ch U26"]
[Site "Buenos Aires"]
[Date "1997.??.??"]
[Round "3"]
[White "Moreira Romero, Jairo"]
[Black "Bernard, Ignacio"]
[Result "0-1"]
[WhiteElo "2180"]
[BlackElo "2245"]
[PlyCount "94"]
[EventDate "1997.??.??"]
[EventType "swiss"]
[EventRounds "11"]
[EventCountry "ARG"]
[SourceTitle "EXT 2001"]
[Source "ChessBase"]
[SourceDate "2000.11.22"]
[SourceVersion "1"]
[SourceVersionDate "2000.11.22"]
[SourceQuality "1"]

1. g3 e5 2. c4 d6 3. Nc3 g6 4. d4 Nd7 5. Bg2 Bg7 6. Nf3 Nh6 7. 0-0 0-0 8. e4 f6 9. Qc2 Nf7 10. Rd1 c6 11. b4 Qc7 12. c5 dxc5 13. dxc5 Re8 14. Be3 Nf8 15. Nd2 Be6 16. Bf1 f5 17. Ne2 Qe7 18. Rab1 f4 19. gxf4 Bh6 20. Bg2 Bg4 21. f3 Bh5 22. Nc4 Ne6 23. Qc1 exf4 24. Nxf4 Nxf4 25. Bxf4 Bxf4 26. Qxf4 Rf8 27. Rb3 Ng5 28. Qe5 Qxe5 29. Nxe5 Rae8 30. Nd7 Rf7 31. Rd6 Kg7 32. e5 Bxf3 33. Nf6 Rxe5 34. Bxf3 Rxf6 35. Bg4 Rxd6 36. cxd6 Nf7 37. d7 Rg5 38. h3 h5 39. Rf3 Nd8 40. Re3 hxg4 41. Re8 gxh3+ 42. Kh2 Rd5 43. Rxd8 Rd3 44. a4 a6 45. a5 g5 46. Rb8 Rxd7 47. Kxh3 Kf7 0-1